La primera cura : (Record no. 160003)

MARC details
000 -LEADER
campo de control de longitud fija 01067nam a2200205 i 4500
001 - NÚMERO DE CONTROL
campo de control 160003
003 - IDENTIFICADOR DE NÚMERO DE CONTROL
campo de control ES-MaACL
005 - FECHA Y HORA DE LA ÚLTIMA TRANSACCIÓN
campo de control 20250716063317.0
008 - DATOS DE LONGITUD FIJA--INFORMACIÓN GENERAL
campo de control de longitud fija 000105s1888 sp af |||| | spa d
040 ## - FUENTE DE CATALOGACIÓN
Centro catalogador/agencia de origen M-RACE
Lengua de catalogación spa
Centro/agencia transcriptor M-RACE
Centro/agencia modificador CCPB | B
100 1# - ENTRADA PRINCIPAL--NOMBRE DE PERSONA
Nombre de persona Montaldo y Peró, Federico,
Fechas asociadas al nombre 1859-1912
9 (RLIN) 82342
245 13 - MENCIÓN DEL TÍTULO
Título La primera cura :
Resto del título instrucción y consejos prácticos para uso de todas las personas que en ausencia del médico tengan que asistir con urgencia cualquier accidente quirúrgico ... con varios grabados y un botiquín, que se describe ... con dos láminas litografiadas /
Mención de responsabilidad, etc. cpor Federico Montaldo.
260 ## - PUBLICACIÓN, DISTRIBUCIÓN, ETC.
Lugar de publicación, distribución, etc. Madrid :
Nombre del editor, distribuidor, etc. [s.n.],
Fecha de publicación, distribución, etc. 1888 (
Fabricante Imp. Fortanet)
300 ## - DESCRIPCIÓN FÍSICA
Extensión 74 p., [1] h. de grab. pleg. :
Otras características físicas il. ;
Dimensiones 16 cm.
530 ## - NOTA DISPONIBLE DE FORMULARIO FÍSICO ADICIONAL
Nota de formato físico adicional disponible Disponible en formato digital.
650 04 - PUNTO DE ACCESO ADICIONAL DE MATERIA--TÉRMINO DE MATERIA
Término de materia o nombre geográfico como elemento de entrada Primeros auxilios.
9 (RLIN) 16404
852 ## - LOCALIZACIÓN
Ubicación ES-MaACL
Número de control de estantería T-945-F-1
Nota libre -- Enc. hol. conservando la cub. original
-- -- Enc. en un vol. facticio
856 ## - LOCALIZACIÓN Y ACCESO ELECTRÓNICOS
Identificador Uniforme de Recursos <a href="http://bdh-rd.bne.es/viewer.vm?id=0000118009&page=1 ">http://bdh-rd.bne.es/viewer.vm?id=0000118009&page=1 </a>
Nota pública Biblioteca Digital Hispánica
Holdings
Estatus retirado Estado de pérdida Estado de daño No para préstamo Colección Biblioteca de origen Biblioteca actual Ubicación en estantería Fecha de adquisición Total de préstamos Signatura topográfica completa Código de barras Visto por última vez Precio de reemplazo Tipo de ítem Koha
        Colección de folletos Biblioteca del Ateneo de Madrid Biblioteca del Ateneo de Madrid Depósito folletos 17/01/2008   T-945-F-1 1167508 23/02/2023 23/02/2023 Folleto